| Tag |
First Indicator |
Second Indicator |
Subfields |
| LEADER |
00000cam a2200000 i 4500 |
| 001 |
in00000095961 |
| 005 |
20231116201636.2 |
| 008 |
801105m19801980gw a e 001 0 ger |
| 010 |
|
|
|a 80506779
|
| 015 |
|
|
|a GFR80-A
|q (v. 1)
|2 dnb
|
| 015 |
|
|
|a 80,A34,0289
|2 dnb
|
| 015 |
|
|
|a GFR80-A (v. 1)
|2 dnb
|
| 016 |
7 |
|
|a 550472010
|2 DE-101
|
| 020 |
|
|
|a 3453010639
|q (paperback ; volume 1)
|
| 020 |
|
|
|a 9783453010635
|q (paperback ; volume 1)
|
| 020 |
|
|
|a 3453010647
|q (paperback ; volume 2)
|
| 020 |
|
|
|a 9783453010642
|q (paperback ; volume 2)
|
| 029 |
1 |
|
|a AU@
|b 000001858333
|
| 029 |
1 |
|
|a HEBIS
|b 026356880
|
| 035 |
|
|
|a (OCoLC)ocm07179770
|
| 035 |
|
|
|a (OCoLC)7179770
|
| 035 |
|
|
|a (OCoLC)ocm07179770
|
| 040 |
|
|
|a DLC
|b eng
|c DLC
|d NLGGC
|d HEBIS
|d OCLCQ
|d OCLCF
|d OCLCQ
|d OCLCO
|d OCLCQ
|d PAU
|d GUA
|d OCLCO
|d TXA
|
| 050 |
0 |
0 |
|a PN3433.4
|b .L4 1980
|
| 082 |
0 |
0 |
|a 809/.3876
|2 19
|
| 245 |
0 |
0 |
|a Lexikon der Science Fiction Literatur /
|c Hans-Joachim Alpers, Werner Fuchs, Ronald M. Hahn, Wolfgang Jeschke.
|
| 250 |
|
|
|a Originalausgabe.
|
| 264 |
|
1 |
|a München :
|b Wilhelm Heyne Verlag,
|c 1980.
|
| 264 |
|
4 |
|c ©1980
|
| 300 |
|
|
|a 2 volumes :
|b illustrations ;
|c 18 cm.
|
| 336 |
|
|
|a text
|b txt
|2 rdacontent
|
| 337 |
|
|
|a unmediated
|b n
|2 rdamedia
|
| 338 |
|
|
|a volume
|b nc
|2 rdacarrier
|
| 490 |
0 |
|
|a Heyne-Sachbuch
|
| 500 |
|
|
|a One of the Cushing Library/Science Fiction copy received as part of Andre Norton’s Collection of Her Own Works, as donated by Vic Horadam.
|
| 504 |
|
|
|a Includes bibliographical references (volume 2, pages [1217]-1221) and indexes.
|
| 650 |
|
0 |
|a Science fiction
|v Encyclopedias.
|
| 650 |
|
0 |
|a Science fiction, German
|v Encyclopedias.
|
| 650 |
|
7 |
|a Science fiction.
|2 fast
|0 (OCoLC)fst01108566
|
| 650 |
|
7 |
|a Science fiction, German.
|2 fast
|0 (OCoLC)fst01108683
|
| 650 |
1 |
7 |
|a Science fiction.
|2 gtt
|
| 655 |
|
7 |
|a Encyclopedias.
|2 fast
|0 (OCoLC)fst01423798
|
| 700 |
1 |
|
|a Alpers, Hans Joachim,
|e author.
|
| 700 |
1 |
|
|a Fuchs, Werner,
|d 1949-
|e author.
|
| 700 |
1 |
|
|a Hahn, Ronald M.,
|d 1948-
|e author.
|
| 700 |
1 |
|
|a Jeschke, Wolfgang.
|
| 830 |
|
0 |
|a Heyne Sachbuch.
|
| 948 |
|
|
|h HELD BY TXA - 31 OTHER HOLDINGS
|
| 994 |
|
|
|a Z0
|b TXA
|
| 999 |
f |
f |
|s 719eed79-2ca2-3501-ace8-a08f3372ca92
|i 1566d82a-9b93-3983-ab8a-1786165284f4
|t 0
|
| 952 |
f |
f |
|p noncirc
|a Texas A&M University
|b College Station
|c Cushing Memorial Library & Archives
|d Cushing: Science Fiction (Does not check out)
|t 0
|e PN3433.4 .L4 1980
|h Library of Congress classification
|i unmediated -- volume
|k v.2
|m A1485291778J
|
| 952 |
f |
f |
|p noncirc
|a Texas A&M University
|b College Station
|c Cushing Memorial Library & Archives
|d Cushing: Science Fiction (Does not check out)
|t 0
|e PN3433.4 .L4 1980
|h Library of Congress classification
|i unmediated -- volume
|m A14806035945
|
| 952 |
f |
f |
|p noncirc
|a Texas A&M University
|b College Station
|c Cushing Memorial Library & Archives
|d Cushing: Science Fiction (Does not check out)
|t 0
|e PN3433.4 .L4 1980
|h Library of Congress classification
|i unmediated -- volume
|k v.1
|m A1485291779K
|
| 952 |
f |
f |
|p noncirc
|a Texas A&M University
|b College Station
|c Cushing Memorial Library & Archives
|d Cushing: Science Fiction (Does not check out)
|t 0
|e PN3433.4 .L4 1980
|h Library of Congress classification
|i unmediated -- volume
|m A14806035911
|
| 998 |
f |
f |
|a PN3433.4 .L4 1980
|t 0
|l Cushing: Science Fiction (Does not check out)
|
| 998 |
f |
f |
|a PN3433.4 .L4 1980
|s v.1-v.2
|t 0
|l Cushing: Science Fiction (Does not check out)
|